| 000 | 00362nam a2200157Ia 4500 | ||
|---|---|---|---|
| 008 | 230711s9999||||xx |||||||||||||| ||und|| | ||
| 041 | _aENG | ||
| 082 |
_a720 _bAB-S |
||
| 100 | _aAbbeydale Press | ||
| 245 | 4 | _aThe small garden handbook | |
| 250 | _a1st | ||
| 260 |
_c2000 _aNew York _bAbbeydale Press |
||
| 300 | _a192 | ||
| 650 | _aArchitecture | ||
| 942 | _cBK | ||
| 999 |
_c4958 _d4958 |
||